[Event "IECC CL2-2005.20 email"]
[Site "IECC email"]
[Date "2006.01.10"]
[Round "?"]
[White "Costa, Paulo Cesar"]
[Black "Graff, John V"]
[Result "1-0"]
[WhiteElo "2121"]
[BlackElo "2088"]
[PlyCount "25"]
[EventDate "2005.??.??"]
[EventType "tourn (corr)"]
[EventRounds "4"]
[SourceTitle "Corr 2008"]
[Source "ChessBase"]
[SourceDate "2008.06.24"]
[SourceVersion "1"]
[SourceVersionDate "2008.06.24"]
[SourceQuality "1"]

1. d4 Nf6 2. Nf3 d5 3. c4 e6 4. Nc3 Bb4 5. Qa4+ Nc6 6. e3 0-0 7. Bd2 Bd7 8. Qc2 Ne7 9. Ne5 c5 10. dxc5 Rc8 11. cxd5 exd5 12. Ne4 Bxd2+ 13. Nxd2 1-0

[Event "IECC CL2-2005.17 email"]
[Site "IECC email"]
[Date "2005.11.21"]
[Round "?"]
[White "Borst, Johan M"]
[Black "Graff, John V"]
[Result "1-0"]
[WhiteElo "2096"]
[BlackElo "2088"]
[PlyCount "69"]
[EventDate "2005.??.??"]
[EventType "tourn (corr)"]
[EventRounds "4"]
[SourceTitle "Corr 2015"]
[Source "ChessBase"]
[SourceDate "2015.07.17"]
[SourceVersion "1"]
[SourceVersionDate "2015.07.17"]
[SourceQuality "1"]
[WhiteTeam "Netherlands"]
[BlackTeam "US of America"]
[WhiteTeamCountry "NED"]
[BlackTeamCountry "USA"]

1. e4 e6 2. d4 d5 3. Nd2 c5 4. exd5 exd5 5. Ngf3 Nf6 6. Bb5+ Bd7 7. Bxd7+ Nbxd7 8. 0-0 Be7 9. dxc5 Nxc5 10. Nd4 0-0 11. Nf5 Qd7 12. Nxe7+ Qxe7 13. Re1 Qd7 14. Nb3 Ne6 15. Be3 Rfe8 16. f3 Qc7 17. c3 Re7 18. Nd4 Nxd4 19. Bxd4 Rxe1+ 20. Qxe1 Re8 21. Qh4 Re2 22. Re1 Rxb2 23. Qg4 h5 24. Qg5 Qd6 25. a3 Rc2 26. h3 Kf8 27. Kh1 Qc6 28. a4 Ra2 29. Bxf6 gxf6 30. Qxh5 Kg7 31. Qg4+ Kf8 32. Qh4 Kg7 33. Qg3+ Kh6 34. Qb8 Qxc3 35. Re8 1-0

[Event "IECC CL2-2005.17 email"]
[Site "IECC email"]
[Date "2005.11.21"]
[Round "?"]
[White "Canizares Cuadra, Pedro"]
[Black "Graff, John V"]
[Result "1/2-1/2"]
[WhiteElo "2078"]
[BlackElo "2115"]
[PlyCount "77"]
[EventDate "2005.??.??"]
[EventType "tourn (corr)"]
[EventRounds "4"]
[SourceTitle "Corr 2008"]
[Source "ChessBase"]
[SourceDate "2008.06.24"]
[SourceVersion "1"]
[SourceVersionDate "2008.06.24"]
[SourceQuality "1"]

1. e4 a6 2. d4 e6 3. Nf3 d5 4. e5 c5 5. c3 Ne7 6. Be2 Nbc6 7. Na3 Ng6 8. 0-0 Be7 9. Be3 0-0 10. Bd3 c4 11. Bc2 b5 12. Nb1 Bd7 13. g3 Qc7 14. h4 f6 15. h5 Nh8 16. exf6 Rxf6 17. Nbd2 Bd6 18. Bg5 Rf7 19. h6 g6 20. Bh4 Re8 21. Ng5 Rff8 22. Ndf3 Ne7 23. a4 b4 24. cxb4 Nf5 25. Bxf5 gxf5 26. b5 axb5 27. axb5 Ng6 28. Re1 Qb7 29. Ra6 Bb4 30. Re3 Qxb5 31. Ra7 Bd6 32. Qa1 Bb8 33. Ra5 Qb4 34. Ra8 f4 35. Re1 fxg3 36. Bxg3 Bxg3 37. Rxe8 Bxf2+ 38. Kxf2 Rxe8 39. Qa7 1/2-1/2

[Event "IECC CL2-2005.05 email"]
[Site "IECC email"]
[Date "2005.04.17"]
[Round "?"]
[White "Petkov, Stamat"]
[Black "Graff, John V"]
[Result "1-0"]
[WhiteElo "2116"]
[BlackElo "2101"]
[PlyCount "101"]
[EventDate "2005.??.??"]
[EventType "tourn (corr)"]
[EventRounds "4"]
[SourceTitle "Corr 2015"]
[Source "ChessBase"]
[SourceDate "2015.07.17"]
[SourceVersion "1"]
[SourceVersionDate "2015.07.17"]
[SourceQuality "1"]

1. d4 Nf6 2. c4 e6 3. e3 d5 4. Nf3 c5 5. cxd5 exd5 6. Bb5+ Nc6 7. 0-0 Bd6 8. dxc5 Bxc5 9. b3 0-0 10. Bb2 Qe7 11. Bxc6 bxc6 12. Qc2 Bb7 13. Nbd2 Nd7 14. Nd4 g6 15. Rac1 Rac8 16. N4f3 f6 17. Rfe1 Bb6 18. a3 a5 19. Qd3 Nc5 20. Qb1 Ne6 21. b4 axb4 22. axb4 c5 23. bxc5 Bxc5 24. h4 Kf7 25. Nd4 Bb4 26. Nxe6 Kxe6 27. Qd3 Kf7 28. Rb1 Bd6 29. e4 Rfe8 30. Qf3 Ba8 31. e5 Bc5 32. Qf4 d4 33. Ra1 Kg7 34. Nc4 g5 35. Qf5 gxh4 36. exf6+ Qxf6 37. Qd7+ Kf8 38. Re5 Rcd8 39. Qf5 Qxf5 40. Rxf5+ Kg8 41. Rxc5 Be4 42. Ra7 h3 43. Rcc7 hxg2 44. Nd2 Bg6 45. Nf3 Re4 46. Bxd4 Rdxd4 47. Nxd4 Re8 48. f4 Rf8 49. Nc6 Rf7 50. Rxf7 Bxf7 51. f5 1-0

[Event "IECC CL2-2005.03 email"]
[Site "IECC email"]
[Date "2005.02.22"]
[Round "?"]
[White "Graff, John V"]
[Black "McDonald, Graham R"]
[Result "0-1"]
[WhiteElo "2126"]
[BlackElo "1872"]
[PlyCount "38"]
[EventDate "2005.??.??"]
[EventType "tourn (corr)"]
[EventRounds "4"]
[SourceTitle "Corr 2015"]
[Source "ChessBase"]
[SourceDate "2015.07.17"]
[SourceVersion "1"]
[SourceVersionDate "2015.07.17"]
[SourceQuality "1"]

1. e4 e5 2. Nf3 Nc6 3. d4 exd4 4. Nxd4 Nf6 5. Nxc6 bxc6 6. e5 Qe7 7. Qe2 Nd5 8. Nd2 g6 9. Nf3 Qb4+ 10. Qd2 Rb8 11. c4 Qxd2+ 12. Kxd2 Nb6 13. b3 d5 14. exd6 cxd6 15. Ba3 Be6 16. Re1 Kd7 17. Kc2 Bg7 18. Rd1 d5 19. Rd4 Bxd4 0-1

[Event "IECC CL2-2004.02 email"]
[Site "IECC email"]
[Date "2004.01.09"]
[Round "?"]
[White "Graff, John V"]
[Black "Wozniak, Zbigniew"]
[Result "1-0"]
[WhiteElo "2097"]
[BlackElo "1989"]
[PlyCount "107"]
[EventDate "2004.??.??"]
[EventType "tourn (corr)"]
[EventRounds "4"]
[SourceTitle "Corr 2008"]
[Source "ChessBase"]
[SourceDate "2008.06.24"]
[SourceVersion "1"]
[SourceVersionDate "2008.06.24"]
[SourceQuality "1"]

1. a3 d5 2. d4 Nf6 3. Nf3 Bf5 4. e3 c6 5. Bd3 Bxd3 6. cxd3 e6 7. 0-0 Be7 8. Nc3 0-0 9. e4 Nbd7 10. Bf4 Qb6 11. Qc2 Nh5 12. Bd2 Nhf6 13. e5 Ne8 14. Na4 Qd8 15. Nc5 Rb8 16. Rfc1 Nc7 17. b4 Re8 18. a4 Nf8 19. h4 Bxh4 20. Nxb7 Rxb7 21. Qxc6 Bxf2+ 22. Kxf2 Qb8 23. b5 Ng6 24. Bb4 Ne7 25. Bxe7 Rxe7 26. Qd6 Re8 27. Rc6 Rd8 28. Rac1 Ne8 29. Qb4 Qa8 30. Nd2 Rbb8 31. Nb3 h6 32. Qc5 Rd7 33. Na5 Kh7 34. Ra6 Rc7 35. Nc6 Rbb7 36. a5 g6 37. Qb4 Qc8 38. Rxa7 Rxa7 39. Nxa7 Rc2+ 40. Ke3 Re2+ 41. Kxe2 Qxc1 42. b6 Ng7 43. g4 Qc2+ 44. Qd2 Qb1 45. Nc6 h5 46. gxh5 gxh5 47. Ne7 Qb3 48. Kf3 Qb1 49. Kg2 Ne8 50. Qf2 Kg7 51. Nc8 Qb5 52. Nd6 Nxd6 53. Qf6+ Kg8 54. exd6 1-0

[Event "IECC CL2-2004.02 email"]
[Site "IECC email"]
[Date "2004.01.09"]
[Round "?"]
[White "Leisebein, Peter"]
[Black "Graff, John V"]
[Result "1-0"]
[WhiteElo "2166"]
[BlackElo "2116"]
[PlyCount "35"]
[EventDate "2004.??.??"]
[EventType "tourn (corr)"]
[EventRounds "4"]
[SourceTitle "Corr 2008"]
[Source "ChessBase"]
[SourceDate "2008.06.24"]
[SourceVersion "1"]
[SourceVersionDate "2008.06.24"]
[SourceQuality "1"]

1. d4 d5 2. e4 dxe4 3. Nc3 Nf6 4. f3 e6 5. fxe4 Bb4 6. a3 Bxc3+ 7. bxc3 Nxe4 8. Qg4 Nxc3 9. Bd3 g6 10. Nf3 e5 11. Qg3 exd4 12. 0-0 Nc6 13. Bg5 Qd6 14. Bf4 Qd5 15. Rae1+ Be6 16. Bxc7 0-0 17. Ng5 Qd7 18. Qh4 1-0

[Event "IECC M email"]
[Site "IECC email"]
[Date "2003.08.17"]
[Round "?"]
[White "Allen, Richard G"]
[Black "Graff, John V"]
[Result "0-1"]
[WhiteElo "1982"]
[BlackElo "2096"]
[PlyCount "88"]
[EventDate "2003.??.??"]
[EventType "tourn (corr)"]
[EventRounds "6"]
[SourceTitle "Corr 2008"]
[Source "ChessBase"]
[SourceDate "2008.06.24"]
[SourceVersion "1"]
[SourceVersionDate "2008.06.24"]
[SourceQuality "1"]

1. d4 Nf6 2. Bg5 c5 3. Bxf6 exf6 4. c3 d5 5. e3 Nc6 6. dxc5 Bxc5 7. Nf3 0-0 8. Bd3 Ne5 9. Nxe5 fxe5 10. Qh5 g6 11. Qxe5 Re8 12. Qg3 Qb6 13. b3 Bxe3 14. 0-0 Bh6 15. Na3 Bd7 16. c4 Bg7 17. Rab1 Qa5 18. Nc2 dxc4 19. bxc4 b6 20. Nb4 Rad8 21. Qf3 Qe5 22. g3 Ba4 23. Rfc1 Bh6 24. Rf1 Bd2 25. Nd5 Rd6 26. h3 Qd4 27. Be2 Bc2 28. Nc7 Bxb1 29. Nxe8 Be4 30. Qg4 f5 31. Qh4 g5 32. Qh5 Rg6 33. Nc7 g4 34. Nb5 Qe5 35. Qh4 Bg5 36. Qh5 Qe7 37. hxg4 Rh6 38. Qxh6 Bxh6 39. gxf5 Qe5 40. Rd1 Be3 41. Rd8+ Kg7 42. Rd7+ Kf8 43. Rd8+ Ke7 44. Rg8 Bc5 0-1

[Event "IECC CL2-2002.33"]
[Site "IECC email"]
[Date "2002.12.22"]
[Round "?"]
[White "Vaassen, Jack M"]
[Black "Graff, John V"]
[Result "1-0"]
[WhiteElo "2101"]
[BlackElo "2091"]
[PlyCount "79"]
[EventDate "2002.??.??"]
[EventType "tourn (corr)"]
[EventRounds "4"]
[SourceTitle "Corr 2008"]
[Source "ChessBase"]
[SourceDate "2008.06.24"]
[SourceVersion "1"]
[SourceVersionDate "2008.06.24"]
[SourceQuality "1"]

1. e4 c5 2. Nf3 Nc6 3. d4 cxd4 4. Nxd4 Nf6 5. Nc3 e5 6. Ndb5 d6 7. Bg5 a6 8. Na3 Be7 9. Nc4 0-0 10. Bxf6 Bxf6 11. Qxd6 Bg5 12. Nd5 Be6 13. Bd3 Rb8 14. Qxd8 Rbxd8 15. Ncb6 Kh8 16. 0-0 Bg4 17. a4 Nd4 18. f3 Be6 19. Rad1 Nc6 20. c3 Ne7 21. Bc2 Nc8 22. Nc4 f6 23. g3 Ne7 24. f4 Bh6 25. Nce3 Nxd5 26. exd5 Bh3 27. Rf3 Rfe8 28. c4 exf4 29. gxf4 Bd7 30. Kf2 g6 31. b4 Rc8 32. a5 Rxe3 33. Kxe3 Rxc4 34. Bd3 Rxb4 35. Rc1 Bf8 36. Rc7 Bg4 37. Rf1 Bd6 38. Rc4 Rxc4 39. Bxc4 Be5 40. fxe5 1-0

[Event "IECC CL2-2002.24"]
[Site "IECC email"]
[Date "2002.09.04"]
[Round "?"]
[White "Graff, John V"]
[Black "Le Duigou, Jean Guy"]
[Result "1-0"]
[WhiteElo "2071"]
[BlackElo "2113"]
[PlyCount "77"]
[EventDate "2002.??.??"]
[EventType "tourn (corr)"]
[EventRounds "4"]
[SourceTitle "Corr 2008"]
[Source "ChessBase"]
[SourceDate "2008.06.24"]
[SourceVersion "1"]
[SourceVersionDate "2008.06.24"]
[SourceQuality "1"]

1. a3 e5 2. e3 d5 3. d4 exd4 4. exd4 Bd6 5. c4 c6 6. c5 Bc7 7. Nc3 Nf6 8. Bd3 0-0 9. Nge2 Re8 10. Qc2 Nbd7 11. 0-0 Nf8 12. h3 Ne6 13. b4 Bd7 14. f4 h6 15. Rb1 Nh5 16. g4 Qh4 17. gxh5 Nxd4 18. Bh7+ Kh8 19. Nxd4 Bxh3 20. Rd1 Re1+ 21. Rxe1 Qxe1+ 22. Kh2 Qh4 23. Bd3 Bf5+ 24. Kg1 Qg3+ 25. Qg2 Qxd3 26. Nxf5 Qxf5 27. Rb2 Qxh5 28. Re2 Qh4 29. Qf3 Rd8 30. Nd1 b6 31. Nf2 bxc5 32. bxc5 Rb8 33. Nd3 Rb1 34. Kg2 Kh7 35. Re8 Ba5 36. Nf2 Qf6 37. Qd3+ Qg6+ 38. Qxg6+ Kxg6 39. Nd3 1-0

[Event "IECC CL2-2002.20"]
[Site "IECC email"]
[Date "2002.07.16"]
[Round "?"]
[White "Draba, Henryk"]
[Black "Graff, John V"]
[Result "0-1"]
[WhiteElo "2030"]
[BlackElo "2022"]
[PlyCount "32"]
[EventDate "2002.??.??"]
[EventType "tourn (corr)"]
[EventRounds "4"]
[SourceTitle "Corr 2008"]
[Source "ChessBase"]
[SourceDate "2008.06.24"]
[SourceVersion "1"]
[SourceVersionDate "2008.06.24"]
[SourceQuality "1"]

1. e4 e6 2. d4 c5 3. Nf3 cxd4 4. Nxd4 a6 5. Bd3 Nf6 6. Nc3 Nc6 7. Be3 d5 8. exd5 exd5 9. 0-0 Bd6 10. Nxc6 bxc6 11. Re1 0-0 12. Bg5 Rb8 13. Qc1 Qc7 14. h3 Nd7 15. Rb1 Nc5 16. Be3 Nxd3 0-1

[Event "IECC CL2-2002.17"]
[Site "IECC email"]
[Date "2002.05.27"]
[Round "?"]
[White "Graff, John V"]
[Black "Surender, Anil"]
[Result "1/2-1/2"]
[WhiteElo "2103"]
[BlackElo "2049"]
[PlyCount "81"]
[EventDate "2002.??.??"]
[EventType "tourn (corr)"]
[EventRounds "4"]
[SourceTitle "Corr 2008"]
[Source "ChessBase"]
[SourceDate "2008.06.24"]
[SourceVersion "1"]
[SourceVersionDate "2008.06.24"]
[SourceQuality "1"]

1. e3 g6 2. Nf3 Bg7 3. d4 d6 4. Bd3 Nf6 5. 0-0 0-0 6. h3 Nbd7 7. c4 e5 8. Nc3 Re8 9. Qc2 c6 10. dxe5 dxe5 11. e4 Nc5 12. Rd1 Ne6 13. Ne2 Qd6 14. Ng5 Rd8 15. Nxe6 Bxe6 16. Be3 b6 17. a4 Nd7 18. Ng3 Nc5 19. Bf1 Qe7 20. Rxd8+ Rxd8 21. a5 h5 22. b4 Nd7 23. axb6 axb6 24. Rb1 Bf8 25. Nf5 Qf6 26. Qc1 Qh8 27. Nh4 c5 28. bxc5 Bxc5 29. Bxc5 bxc5 30. Nf3 Qf6 31. Qa3 Qf4 32. Qa5 Rc8 33. Nd2 Kg7 34. Qc3 g5 35. Ra1 g4 36. hxg4 hxg4 37. Ra7 Nf6 38. Qd3 Rh8 39. g3 Qh6 40. Bg2 Qg5 41. Nb3 1/2-1/2

[Event "IECC CL2-2001.31"]
[Site "IECC email"]
[Date "2001.09.08"]
[Round "?"]
[White "Graff, John V"]
[Black "Rossello Padron, Carlos Eduardo"]
[Result "0-1"]
[WhiteElo "1968"]
[BlackElo "2074"]
[PlyCount "32"]
[EventDate "2001.??.??"]
[EventType "tourn (corr)"]
[EventRounds "4"]
[SourceTitle "Corr 2008"]
[Source "ChessBase"]
[SourceDate "2008.06.24"]
[SourceVersion "1"]
[SourceVersionDate "2008.06.24"]
[SourceQuality "1"]

1. a3 Nf6 2. d4 d5 3. Nf3 c6 4. Bf4 Bg4 5. Ne5 Bh5 6. h3 Nbd7 7. g4 Bg6 8. Nxg6 hxg6 9. Bg2 e6 10. Qd3 Qb6 11. Nd2 c5 12. e3 cxd4 13. Qxd4 Bc5 14. Qc3 0-0 15. Qb3 Qc6 16. g5 Nh5 0-1

[Event "IECC KO email"]
[Site "IECC email"]
[Date "2001.06.30"]
[Round "?"]
[White "Barr, Epstein"]
[Black "Graff, John V"]
[Result "1-0"]
[WhiteElo "2053"]
[BlackElo "1956"]
[PlyCount "43"]
[EventDate "2001.??.??"]
[EventType "tourn (corr)"]
[EventRounds "6"]
[SourceTitle "Corr 2008"]
[Source "ChessBase"]
[SourceDate "2008.06.24"]
[SourceVersion "1"]
[SourceVersionDate "2008.06.24"]
[SourceQuality "1"]

1. e4 e6 2. d4 d5 3. Nc3 Nf6 4. e5 Nfd7 5. f4 c5 6. Nf3 Nc6 7. Be3 a6 8. Qd2 b6 9. Be2 Bb7 10. 0-0 Be7 11. Qe1 0-0 12. Qg3 cxd4 13. Nxd4 Nxd4 14. Bxd4 Qc7 15. Rad1 Bc5 16. Bg4 Bxd4+ 17. Rxd4 Rac8 18. Rfd1 b5 19. a3 Qb6 20. Qe3 Rc4 21. Qf2 Rc7 22. Re1 1-0

[Event "IECC CL2-2001.12"]
[Site "IECC email"]
[Date "2001.04.04"]
[Round "?"]
[White "Flor Trejo, Remigio Francisco"]
[Black "Graff, John V"]
[Result "1/2-1/2"]
[WhiteElo "2100"]
[BlackElo "1921"]
[PlyCount "79"]
[EventDate "2001.??.??"]
[EventType "tourn (corr)"]
[EventRounds "4"]
[SourceTitle "Corr 2008"]
[Source "ChessBase"]
[SourceDate "2008.06.24"]
[SourceVersion "1"]
[SourceVersionDate "2008.06.24"]
[SourceQuality "1"]

1. e4 e5 2. Nf3 d6 3. d4 Nf6 4. Nc3 Nbd7 5. Bc4 Be7 6. 0-0 0-0 7. Re1 c6 8. a4 exd4 9. Nxd4 Ne5 10. Bb3 c5 11. Ndb5 a6 12. Na3 Be6 13. Bf4 c4 14. Ba2 Re8 15. Be3 d5 16. Bd4 Bxa3 17. bxa3 Ng6 18. Bxf6 Qxf6 19. Nxd5 Bxd5 20. exd5 b5 21. Rb1 Qc3 22. axb5 Rxe1+ 23. Qxe1 Qxc2 24. Ra1 axb5 25. Bb1 Qa4 26. Bxg6 hxg6 27. d6 b4 28. d7 Qxd7 29. Qxb4 Rc8 30. Qc3 Qa4 31. h3 Rd8 32. Kh2 f6 33. Rc1 Rc8 34. Qd4 Qc6 35. Rc3 g5 36. Qg4 Rc7 37. Kg1 Kf8 38. Qe2 Kf7 39. Qh5+ Ke6 40. Re3+ 1/2-1/2

[Event "IECC CL3-2000.32"]
[Site "IECC email"]
[Date "2000.06.01"]
[Round "?"]
[White "Graff, John V"]
[Black "Wakeham, Marc R"]
[Result "1-0"]
[WhiteElo "1840"]
[BlackElo "1805"]
[PlyCount "35"]
[EventDate "2000.??.??"]
[EventType "tourn (corr)"]
[EventRounds "4"]
[SourceTitle "Corr 2008"]
[Source "ChessBase"]
[SourceDate "2008.06.24"]
[SourceVersion "1"]
[SourceVersionDate "2008.06.24"]
[SourceQuality "1"]

1. a3 g6 2. e4 Bg7 3. d4 d6 4. Nf3 Nc6 5. Nc3 Bg4 6. Bb5 Bd7 7. 0-0 a6 8. Bc4 e5 9. dxe5 Nxe5 10. Nxe5 dxe5 11. Qd5 Be6 12. Qxb7 Rb8 13. Qxa6 Bxc4 14. Qxc4 Nf6 15. Rd1 Qe7 16. Qc6+ Nd7 17. Nd5 Qd8 18. Nxc7+ 1-0

[Event "IECC TH-T email"]
[Site "IECC email"]
[Date "2000.04.19"]
[Round "?"]
[White "Corbat, Philippe"]
[Black "Graff, John V"]
[Result "1/2-1/2"]
[WhiteElo "1948"]
[BlackElo "1870"]
[PlyCount "93"]
[EventDate "2000.??.??"]
[EventType "match (corr)"]
[EventRounds "2"]
[SourceTitle "Corr 2008"]
[Source "ChessBase"]
[SourceDate "2008.06.24"]
[SourceVersion "1"]
[SourceVersionDate "2008.06.24"]
[SourceQuality "1"]

1. e4 d5 2. exd5 Nf6 3. d4 Bg4 4. f3 Bd7 5. c4 e6 6. dxe6 fxe6 7. Nc3 c5 8. d5 exd5 9. cxd5 Bd6 10. Qe2+ Kf7 11. Be3 Re8 12. 0-0-0 Na6 13. Qf2 Qe7 14. Bg5 h6 15. Bxf6 Qxf6 16. g3 Kg8 17. Bh3 Bxh3 18. Nxh3 Be5 19. Ne4 Qf7 20. Qe3 Rad8 21. Qb3 c4 22. Qb5 Qxf3 23. Nhf2 Nc7 24. Qxc4 Qf7 25. Rhf1 Nxd5 26. Ng4 Rc8 27. Nc5 Nf6 28. Qxf7+ Kxf7 29. Rd5 Kg8 30. Nxf6+ Bxf6 31. Kd2 Rf8 32. Ne6 Bc3+ 33. Ke2 Rxf1 34. Kxf1 Bxb2 35. Rd7 Rc1+ 36. Ke2 Ra1 37. Rxb7 Rxa2 38. Kd3 a5 39. h4 Bf6 40. g4 Ra3+ 41. Ke4 Ra1 42. g5 Re1+ 43. Kd5 hxg5 44. hxg5 Rd1+ 45. Ke4 Re1+ 46. Kd5 Rd1+ 47. Ke4 1/2-1/2

[Event "IECC TH-T email"]
[Site "IECC email"]
[Date "2000.04.19"]
[Round "?"]
[White "Graff, John V"]
[Black "Corbat, Philippe"]
[Result "1/2-1/2"]
[WhiteElo "1874"]
[BlackElo "1944"]
[PlyCount "95"]
[EventDate "2000.??.??"]
[EventType "match (corr)"]
[EventRounds "2"]
[SourceTitle "Corr 2008"]
[Source "ChessBase"]
[SourceDate "2008.06.24"]
[SourceVersion "1"]
[SourceVersionDate "2008.06.24"]
[SourceQuality "1"]

1. e4 d5 2. exd5 Nf6 3. d4 Bg4 4. f3 Bf5 5. g4 Bg6 6. c4 e6 7. Qb3 c5 8. dxe6 fxe6 9. Qxb7 Nbd7 10. Qc6 cxd4 11. g5 Nh5 12. Qxe6+ Qe7 13. Qxe7+ Bxe7 14. Ne2 Bc5 15. Nd2 Ne5 16. Bg2 0-0 17. Nb3 Bb4+ 18. Kf2 d3 19. Ned4 Rad8 20. a3 Rxd4 21. axb4 Rxc4 22. Re1 d2 23. Bxd2 Nd3+ 24. Kg1 Nxe1 25. Bxe1 Rc2 26. Bc3 Nf4 27. Bf1 Ne2+ 28. Bxe2 Rxe2 29. Rxa7 Rf5 30. Rxg7+ Kf8 31. Kf1 Rxh2 32. Nd4 Kxg7 33. Nxf5+ Kf7 34. Nd4 Rh5 35. Bd2 Rh4 36. Be3 Rh1+ 37. Ke2 Rh2+ 38. Bf2 Ke7 39. b5 Kd7 40. b6 Kc8 41. b4 Kb7 42. Ne6 Bf5 43. Nd8+ Kb8 44. b7 Bd7 45. Kf1 Bh3+ 46. Ke2 Bd7 47. Kf1 Bh3+ 48. Ke2 1/2-1/2